| 000 | 00503nam a2200193Ia 4500 | ||
|---|---|---|---|
| 008 | 151121s9999||||xx |||||||||||||| ||und|| | ||
| 082 | _a613।1/Sac | ||
| 082 | _bHNW-65850 | ||
| 100 | _aSacha W। | ||
| 245 | 4 | _aThe Archaeology of the Deve। Id। | |
| 260 | _b"Parisar, Pune।" | ||
| 260 | _c-- | ||
| 300 | _a36 | ||
| 600 | _aSacha W। | ||
| 630 | _aThe Archaeology of the Deve। Id। | ||
| 700 | _aSacha W। | ||
| 730 | _aThe Archaeology of the Deve। Id। | ||
| 942 | _cBOOK | ||
| 999 |
_c1247347 _d1247344 |
||